योग एक सहज प्रयास / (Record no. 160429)

MARC details
000 -LEADER
fixed length control field 00649nam a22001817a 4500
005 - DATE AND TIME OF LATEST TRANSACTION
control field 20190129144711.0
020 ## - INTERNATIONAL STANDARD BOOK NUMBER
Terms of availability 75.00
International Standard Book Number 8120723120
035 ## - SYSTEM CONTROL NUMBER
System control number B-013693
037 ## - SOURCE OF ACQUISITION
Source of stock number/acquisition
Stock number dpl
082 ## - DEWEY DECIMAL CLASSIFICATION NUMBER
Classification number 613.7046
100 ## - MAIN ENTRY--PERSONAL NAME
Personal name भाटिया, प्रेम
245 1# - TITLE STATEMENT
Title योग एक सहज प्रयास /
Statement of responsibility, etc प्रेम भाटिया
260 ## - PUBLICATION, DISTRIBUTION, ETC. (IMPRINT)
Place of publication, distribution, etc नई दिल्ली
Name of publisher, distributor, etc स्टर्लिग पब्लिशर्स
Date of publication, distribution, etc 2000
270 ## - ADDRESS
Address
City
Postal code
Telephone number
300 ## - PHYSICAL DESCRIPTION
Extent 128पृ.
Dimensions 22सेमी (अजिल्द)
700 ## - ADDED ENTRY--PERSONAL NAME
Personal name
9 (RLIN) 48488
942 ## - ADDED ENTRY ELEMENTS (KOHA)
Institution code [OBSOLETE] dpl
Item type Hindi Books
Call number prefix
Source of classification or shelving scheme Dewey Decimal Classification
Classification part 613.7046
Call number suffix भाटिया
Holdings
Withdrawn status Lost status Not for loan Collection code Home library Current library Date acquired Source of acquisition Cost, normal purchase price Full call number Barcode Cost, replacement price Koha item type
      Non-fiction Patel Nagar Patel Nagar 29/01/2019 BPPD/PUB 75.00 613.7046 भाटिया B-013693 75.00 Hindi Books

© Delhi Public Library
Hit Counter
free hit counter